Bài tập Toán 6 T.1

Đã lưu trong:
Bibliografiske detaljer
Hovedforfatter: Tôn, Thân
Andre forfattere: Vũ, Hữu Bình
Format: Bog
Sprog:Undetermined
Udgivet: H. Giáo dục 2007
Fag:
Online adgang:http://lrc.tdmu.edu.vn/opac/search/detail.asp?aID=2&ID=4633
Tags: Tilføj Tag
Ingen Tags, Vær først til at tagge denne postø!
Thư viện lưu trữ: Trung tâm Học liệu Trường Đại học Thủ Dầu Một
LEADER 00654nam a2200217Ia 4500
001 TDMU_4633
008 210410s9999 xx 000 0 und d
082 |a 373.236 7076 
090 |b T430 
100 |a Tôn, Thân 
245 0 |a Bài tập Toán 6 
245 0 |c Tôn Thân 
245 0 |n T.1 
260 |a H. 
260 |b Giáo dục 
260 |c 2007 
300 |a 118tr 
650 |a Toán  |v Giảng dạy và học tập; Sách lớp 6  |v Bài tập 
700 |a Vũ, Hữu Bình 
856 |u http://lrc.tdmu.edu.vn/opac/search/detail.asp?aID=2&ID=4633 
980 |a Trung tâm Học liệu Trường Đại học Thủ Dầu Một